Bilecik Bilecik Bilecik Bilecik Bilecik

Underconstrained structural systems/ (Record no. 45334)

MARC details
000 -BAŞLIK
Sabit Uzunluktaki Kontrol Alanı 02355nam a22003137a 4500
001 - KONTROL NUMARASI
Control Dosyası 0045365
003 - KONTROL NUMARASI KİMLİĞİ
Kontrol Alanı KOHA_MİRAKIL
005 - EN SON İŞLEM TARİHİ ve ZAMANI
Kontrol Alanı 20260207003444.0
007 - FİZİKSEL TANIM SABİT ALAN - GENEL BİLGİ
Sabit uzunluklu kontrol alanı ta
008 - SABİT UZUNLUKTAKİ VERİ ÖGELERİ - GENEL BİLGİ
Sabit Alan 131226b1991 usa|||gr||||#||||0|eng |
020 ## - ISBN - ULUSLARARASI STANDART KİTAP NUMARASI
Isbn 9781461278269
040 ## - KATALOGLAMA KAYNAĞI
Özgün Kataloglama Kurumu TR-BiSEU
Kataloglama Dili tur
Çeviri Kurumu TR-BiSEU
Açıklama Kuralları rda
041 0# - DİL KODU
Metin ya da ses kaydının dil kodu eng
044 ## - YAYINLAYAN/ÜRETEN KURULUŞUN ÜLKE KODU
ISO country code us
050 ## - SINIFLAMA ve YER NUMARASI
Sınıflama Numarası TA646
Yer Numarası .K89 1991
100 1# - KİŞİ ADI
Yazar Adı (Kişi adı) Kuznetsov, E. N.,
Fuller form of name (Edward N.).
245 1# - ESER ADI BİLDİRİMİ
Başlık Underconstrained structural systems/
Sorumluluk Bildirimi E. N. Kuznetsov ; E.N. Kuznetsov.
264 #1 - ÜRERİM, YAYIN, DAĞITIM ve TELİF BİLDİRİMİ
Yayın yeri New York :
Yayınlayan Springer-Verlag
Yayın tarihi 1991
300 ## - FİZİKSEL TANIMLAMA
Sayfa, Cilt vb. XIII, 312 pages :
Diğer fiziki detaylar illustrated ;
Boyutları 24 cm.
336 ## - İÇERİK TÜRÜ
Content type term metin
Content type code txt
Source rdacontent
337 ## - MEDYA TÜRÜ
Media type term aracısız
Media type code n
Source rdamedia
338 ## - TAŞIYICI TÜRÜ
Carrier type term cilt
Carrier type code nc
Source rdacarrier
490 0# - DİZİ BİLDİRİMİ
Dizi Bildirimi Mechanical engineering series
500 ## - GENEL NOT
Genel Not Includies bibliographical references and index.
505 ## - İÇİNDEKİLER NOTU
İçindekiler Notu This book is intended for the academic and technical community involved in research, development, design and manufacturing of modern lightweight, rapidly deployable structural systems for both terrestrial and space applications. It can serve as a graduate text for students specializing in structural, mechanical, aeronautical and shape control engineering, as well as in engineering science and mechanics. Underconstrained systems represent a rich and useful, yet often misunderstood class of structural systems. This book is the first treatise on the subject. It contains a concise and comprehensive theory of underconstrained systems with applications to their design, analysis and synthesis. The theory, a combination of advanced analytical statics and nonlinear structural mechanics, is developed in Part I (Chapters 1-4). Part II (Chapters 5-10) provides applications to particular types of systems. Most of the presented results and applications are new. They include: extended statical-kinematic duality, linking infinitesimal mobility and stability of self-stress; orthogonal load decomposition and the statical-kinematic stiffness matrix; a statical-geometric theory and analysis of nets; a resolution of an old paradox in the statics of toroidal membranes; theory and analysis of wrinkling membranes; numerous closed-form solutions; and some new mechanical analogies.
650 #0 - KONU BAŞLIĞI EK GİRİŞ - KONU TERİMİ
Konusal terim veya coğrafi ad Structural analysis (Engineering).
9 (RLIN) 53472
830 0# - SERİ EK GİRİŞİ - TEKBİÇİM ESER ADI
Tekbiçim Başlık Mechanical engineering series
9 (RLIN) 83667
942 ## - EK GİRİŞ ÖGELERİ (KOHA)
Source of classification or shelving scheme Library of Congress Classification
Koha item type Book
Holdings
Materyal Türü Kalıcı Konum Mevcut Konum Raf Yeri Sınıflandırma Kaynağı Edinim Bilgisi Ana Konular Alt Konular Yer Numarası Demirbaş Numarası Fatura Tarihi Maliyet, Alış Fiyatı Maliyet, Yenileme Fiyatı Geri Çekilme Durumu Kayıp Durumu Hasarlı Durumu Kredi için değil Kayıt Tarih Toplam Ödünçverme Son Görülme Tarihi Son Kontrol Tarihi Genel / Bağış Notu
Book Prof. Dr. Azmi Özcan Kütüphanesi Prof. Dr. Azmi Özcan Kütüphanesi Birûni Salonu Library of Congress Classification Bağış TEKNOLOJİ Mühendislik (Genel), İnşaat Mühendisliği (Genel) TA646 .K89 1991 0045365 02/02/2026 100.00 100.00         26/12/2013 2 05/12/2024 05/12/2024 Genel Bağış